The Big Grain Drain (Record no. 248181)

MARC details
000 -LEADER
fixed length control field 00252pam a2200121 a 4500
020 ## - INTERNATIONAL STANDARD BOOK NUMBER
Terms of availability
041 ## - LANGUAGE CODE
Language code of original
100 ## - MAIN ENTRY--PERSONAL NAME
Personal name R. K. Luna,
Relator term Author.
245 ## - TITLE STATEMENT
Title The Big Grain Drain
Medium Textual Documents
260 ## - PUBLICATION, DISTRIBUTION, ETC.
Place of publication, distribution, etc. [s.l]:
Name of publisher, distributor, etc. Na
300 ## - PHYSICAL DESCRIPTION
Extent 375.
930 ## - EQUIVALENCE OR CROSS-REFERENCE-UNIFORM TITLE HEADING [LOCAL, CANADA]
Uniform title 2330
Holdings
Withdrawn status Lost status Damaged status Not for loan Home library Current library Date acquired Source of acquisition Cost, normal purchase price Total Checkouts Full call number Barcode Date last seen Copy number Price effective from Koha item type
        Institute of Environment Education & Research, Pune Institute of Environment Education & Research, Pune 09/12/2016 Natraj Publisher 556.00   EVP-1932 03/04/2023 1 03/04/2023 Book